<?xml version="1.0" encoding="UTF-8"?>
<record
    xmlns:xsi="http://www.w3.org/2001/XMLSchema-instance"
    xsi:schemaLocation="http://www.loc.gov/MARC21/slim http://www.loc.gov/standards/marcxml/schema/MARC21slim.xsd"
    xmlns="http://www.loc.gov/MARC21/slim">

  <leader>01759nam a22001937a 4500</leader>
  <controlfield tag="005">20211027144659.0</controlfield>
  <controlfield tag="008">211027b           ||||| |||| 00| 0 eng d</controlfield>
  <datafield tag="020" ind1=" " ind2=" ">
    <subfield code="a">0886279232</subfield>
  </datafield>
  <datafield tag="040" ind1=" " ind2=" ">
    <subfield code="c">AL</subfield>
  </datafield>
  <datafield tag="041" ind1=" " ind2=" ">
    <subfield code="a">eng</subfield>
  </datafield>
  <datafield tag="082" ind1=" " ind2=" ">
    <subfield code="2">23</subfield>
    <subfield code="a">651.7</subfield>
    <subfield code="b">CLAS</subfield>
  </datafield>
  <datafield tag="100" ind1=" " ind2=" ">
    <subfield code="a">Tony Clarke</subfield>
    <subfield code="9">1973</subfield>
  </datafield>
  <datafield tag="245" ind1=" " ind2=" ">
    <subfield code="a">Silent Coup: Confronting the Big Business Takeover of Canada</subfield>
  </datafield>
  <datafield tag="260" ind1=" " ind2=" ">
    <subfield code="a">Ontario</subfield>
    <subfield code="b">Canadian Centre for Policy Alternatives</subfield>
    <subfield code="c">1997</subfield>
  </datafield>
  <datafield tag="300" ind1=" " ind2=" ">
    <subfield code="a">iv,273 p.</subfield>
    <subfield code="b">PB</subfield>
    <subfield code="c">22x15 cm.</subfield>
  </datafield>
  <datafield tag="365" ind1=" " ind2=" ">
    <subfield code="b">19.95</subfield>
    <subfield code="c">$</subfield>
    <subfield code="d">19.95</subfield>
  </datafield>
  <datafield tag="520" ind1=" " ind2=" ">
    <subfield code="a">From the back cover: Silent Coup is the story of how the CEOs of the largest corporations in Canada, planned and executed their takeover of our country. It alerts us to the destructive effects of corporate rule on our economy, our jobs, our social programs, and our political democracy. This book outlines a detailed and workable plan for challenging and ultimately rescuing Canada from its corporate masters. Tony Clarke shows how social movements and community organizationa can be retooled and revitalized, how they can effectively confront the transnational corporations and restore true economic, social and political democracy in Canada.
Silent Coup" alerts us to the destructive effects of corporate control of our economy, jobs, social programs, and political democracy.
The book outlines a detailed and workable plan for challenging the agenda for Canada set by large transnational corporations. It shows how social movements and community organizations can be retooled and revitalized to confront these corporations and how true economic, social, and political democracy can be restored.
"Silent Coup" offers a sharp diagnosis of the challenges confronting Canadian democracy and a clear prescription for action. </subfield>
  </datafield>
  <datafield tag="942" ind1=" " ind2=" ">
    <subfield code="2">ddc</subfield>
    <subfield code="c">GF</subfield>
  </datafield>
  <datafield tag="999" ind1=" " ind2=" ">
    <subfield code="c">216743</subfield>
    <subfield code="d">216743</subfield>
  </datafield>
  <datafield tag="952" ind1=" " ind2=" ">
    <subfield code="0">0</subfield>
    <subfield code="1">0</subfield>
    <subfield code="2">ddc</subfield>
    <subfield code="4">0</subfield>
    <subfield code="7">0</subfield>
    <subfield code="8">MAN</subfield>
    <subfield code="a">AL</subfield>
    <subfield code="b">AL</subfield>
    <subfield code="d">2013-03-24</subfield>
    <subfield code="l">0</subfield>
    <subfield code="o">651.7 CLAS</subfield>
    <subfield code="p">GF01680</subfield>
    <subfield code="r">2021-10-27 00:00:00</subfield>
    <subfield code="w">2021-10-27</subfield>
    <subfield code="y">GF</subfield>
  </datafield>
</record>
